| 000 | 00414nam a2200181Ia 4500 | ||
|---|---|---|---|
| 003 | 0STCL | ||
| 008 | 150530s9999 xx 000 0 und d | ||
| 040 |
_aSTCL _cSTCL |
||
| 100 | _aMaupassant | ||
| 245 | _aKokkattu Kochamma | ||
| 250 | _a1 | ||
| 260 |
_bSahithya Pravarthaka Co Operative Society _c1961 |
||
| 300 | _a0 | ||
| 546 | _aMalayalam | ||
| 942 |
_2ddc _cBK |
||
| 999 |
_c77785 _d77785 |
||
| 005 | 20220125171651.0 | ||